| 000 | 00977nam a22002657a 4500 | ||
|---|---|---|---|
| 999 |
_c336305 _d336305 |
||
| 001 | 50207 | ||
| 003 | UA-OsUOA | ||
| 005 | 20230504161246.0 | ||
| 007 | ta | ||
| 008 | 20071108b un ||||| |||| 00| 0 ukr d | ||
| 020 | _a9668407685 | ||
| 040 |
_aUA-OsUOA _bukr _cUA-OsUOA _dUA-OsUOA |
||
| 041 | _aukr | ||
| 080 | _a007(042) | ||
| 090 |
_a007(042) _bМ33 |
||
| 100 | _aМатвієнко О. В. | ||
| 245 |
_aІнформаційний менеджмент _bопорний конспект лекцій у схемах і таблицях |
||
| 260 |
_aК. _bСЛОВО _c2007 |
||
| 300 | _a200 с. | ||
| 650 | 7 |
_a007 Діяльність і організація. Інформація. Заг. теорія комунікацій і управління (кібернетика). Соціальна інженер _2UDC |
|
| 700 | _aЦивін М. Н. | ||
| 942 |
_cBK _2udc |
||
| 955 | _a2 | ||